Sociedades Icónicas: Historia, ideología y cultura en la imagen

Spremljeno u:
Bibliografski detalji
Glavni autori: Echeverría, Bolívar (Autor), Lazo Briones, Pablo (Autor)
Daljnji autori: Lizarazo Arias, Diego (autor)
Format: Knjiga
Jezik:španjolski
Izdano: Ciudad de México Siglo veintiuno 2007
Izdanje:1a. ed
Serija:Diseño y Comunicación
Teme:
Oznake: Dodaj oznaku
Bez oznaka, Budi prvi tko označuje ovaj zapis!

MARC

LEADER 00000nam a2200000 a 4500
001 UCH9818
003 CL-VaPUC
008 100121e20070000MX |||||||||||||||||spa|d
020 |a 9789682326738 
082 0 4 |a 401.41  |b ECH  |2 21 
100 0 |a Echeverría, Bolívar  |e author  |9 547116 
700 |a Lizarazo Arias, Diego  |e autor  |9 547123 
700 |a Lazo Briones, Pablo  |e author  |9 547118 
245 1 0 |a Sociedades Icónicas: Historia, ideología y cultura en la imagen 
250 |a 1a. ed 
300 |a 92 p 
942 |c BK 
945 |d 20100121 00:00:00  |a dcastane 
260 |a Ciudad de México  |b Siglo veintiuno  |c 2007 
600 0 7 |a HERMENEUTICA  |2 CL-VaPUC  |9 547119 
600 0 7 |a COMUNICACION VISUAL  |2 CL-VaPUC  |9 547120 
600 0 7 |a SEMIOTICA  |2 CL-VaPUC  |9 547121 
600 0 7 |a IMAGEN  |2 CL-VaPUC  |9 547122 
583 |a last modification  |c 20100121 00:00:00  |k Rodrigo Vera 
490 0 |a Diseño y Comunicación 
999 |c 339707  |d 339705 
952 |0 0  |1 0  |4 0  |6 401_410000000000000_ECH_2007  |7 0  |8 A  |9 433505  |a FDOPOS  |b FDOPOS  |d 2019-11-22  |i 463764K  |o 401.41 ECH 2007  |p 463764K  |r 2025-01-22  |w 2019-11-22  |y BK  |k DLH